ბათუმის შოთა რუსთაველის სახელმწიფო უნივერსიტეტის ბიბლიოთეკა

ბუდენბროკები : ერთი ოჯახის აღსასრული : (ბიბ.ჩანაწერი № 56033)

000 -ლიდერი
ფიქსირებული სიგრძის საკონტროლო ველი 01099nam a2200241Ia 4500
001 - საკონტროლო ნომერი
საკონტროლო ველი 23133
003 - საკონტროლო ნომრის იდენტიფიკატორი
საკონტროლო ველი GE_BSU
005 - ბოლო ოპერაციის თარიღი და დრო
საკონტროლო ველი 20230717170321.0
008 - ფიქსირებული სიგრძის მონაცემთა ელემენტები - ზოგადი ინფორმაცია
ფიქსირებული სიგრძის საკონტროლო ველი 181216s1970||||ge |||||||||||||| ||geo||
040 ## - კატალოგიზაციის წყარო
Transcribing agency GE_BSU
041 ## - ენის კოდი
Language code of text/sound track or separate title geo
080 ## - უნივერსალური ათობითი კლასიფიკაციის ინდექსი
Universal Decimal Classification number 821.112.2-31 მ-27
100 ## - მთავარი ჩანაწერი - პიროვნების სახელი
Personal name მანი, თომას
9 (RLIN) 19400
245 ## - ცნობა სათაურის შესახებ
Title ბუდენბროკები : ერთი ოჯახის აღსასრული :
Remainder of title რომანი /
Statement of responsibility, etc თომას მანი ; გერმან. თარგმნ. დ. კოკაია-ფანჯიკიძემ ; ავტ. და ბოლოსიტყვ. დაურთო დ. კოკაია-ფანჯიკიძემ.
264 ## - წარმოების, გამოცემის, დისტრიბუციის და სხვა ცნობები
გამოცემის, წარმოების, დისტრიბუციის... ადგილი თბილისი :
გამოცემის, წარმოების, დისტრიბუციის... სახელწოდება ნაკადული,
გამოცემის, წარმოების, დისტრიბუციის... თარიღი 1970.
300 ## - ფიზიკური აღწერა
Extent 692 გვ. ;
Dimensions 21 სმ.
500 ## - ზოგადი შენიშვნა
General note შენიშვნები : გვ. 693-695
653 ## - INDEX TERM--UNCONTROLLED
Uncontrolled term ბუდენბროკები
653 ## - INDEX TERM--UNCONTROLLED
Uncontrolled term ერთი ოჯახის აღსასრული
653 ## - INDEX TERM--UNCONTROLLED
Uncontrolled term რომანი
942 ## - ADDED ENTRY ELEMENTS (KOHA)
Koha item type წიგნი
Source of classification or shelving scheme
ეგზემპლარები
ჩამოწერის სტატუსი დაკარგული ეგზემპლარის სტატუსი კლასიფიკაციის წყარო ან თაროზე გაწყობის სქემა დაზიანების სტატუსი არ გაიცემა მუდმივი მდებარეობა (დაცვის ადგილი) ამჟამინდელი ადგილსამყოფელი თაროზე განთავსების ადგილი შეძენის თარიღი ღირებულება, შესყიდვის ნორმალური ფასი სრული შენახვის შიფრი შტრიხკოდი ბოლო ოპერაციის თარიღი ეგზემპლარის მიმდევრობითი ნომერი (კეტერი?) ფასის ძალაში შესვლის თარიღი ეგზემპლარის სახეობა საჯარო შენიშვნა
          ბათუმის შოთა რუსთაველის სახელმწიფო უნივერსიტეტის მთავარი ბიბლიოთეკა ბათუმის შოთა რუსთაველის სახელმწიფო უნივერსიტეტის მთავარი ბიბლიოთეკა წიგნსაცავი 2018-12-17 4.72 821.112.2-31 მ-27 58588 2018-12-17 58588 2018-12-17 წიგნი 4.72 ₾.